Možnosti hodnotenia a zvyšovania bezpečnosti prevádzky distribučných vn vedení z hľadiska ekologických aspektov ochrany dravého vtáctva

Gespeichert in:
Bibliographische Detailangaben
1. Verfasser: Chlepčok, Martin, 1987- (Verfasst von)
Weitere Verfasser: Kment, Attila, 1980- (Betreuung Doktorarbeit)
Format: Manuskript Buch
Sprache:Slowakisch
Veröffentlicht: Bratislava : STU v Bratislave FEI, 2011
Schlagworte:
Online-Zugang:VAIS
Tags: Tag hinzufügen
Keine Tags, Fügen Sie das erste Tag hinzu!

MARC

LEADER 00000ntm a22000003a 4500
001 stu230854
005 20150617230138.1
008 110709s2011----xo------------------slo-d
040 |a STU  |b slo 
041 0 |a slo 
044 |a xo 
100 1 |a Chlepčok, Martin,  |d 1987-  |4 aut  |u E  |T FEI Fakulta elektrotechniky a informatiky  |X 35069  |U E  |Y 30  |7 A000035069 
242 0 0 |a Possibilities for evaluating and improving safety of operation of distribution lines in terms of ecological aspects of bird protection  |y eng 
245 1 |a Možnosti hodnotenia a zvyšovania bezpečnosti prevádzky distribučných vn vedení z hľadiska ekologických aspektov ochrany dravého vtáctva 
260 |a Bratislava :  |b STU v Bratislave FEI,  |c 2011 
300 |a 66 s 
650 7 |a Elektroenergetika  |2 stusub 
650 7 |a Power machinery  |2 estusub 
650 7 |a elektrotechnika  |2 stusub 
650 7 |a vonkajšie vedenia  |2 stusub 
650 7 |a vn sústava  |2 stusub 
650 7 |a ekológia krajiny  |2 stusub 
700 1 |a Kment, Attila,  |d 1980-  |4 ths  |u E020  |U FEI Fakulta elektrotechniky a informatiky  |T FEI Ústav elektroenergetiky a aplikovanej elektrotechniky  |X 10228  |U E020  |Y 548  |7 A000010228 
856 4 |a info a plný text  |u http://is.stuba.sk/zp/portal_zp.pl?podrobnosti=72095  |3 VAIS 
996 |b 284EP09861  |c E*DIPL-9861  |l EE32  |s P  |a 0  |w stu230854_0001